Cloud computing Ed 4 (Record no. 241029)
[ view plain ]
| 000 -LEADER | |
|---|---|
| fixed length control field | 01195nam a22002417a 4500 |
| 005 - DATE AND TIME OF LATEST TRANSACTION | |
| control field | 20260316164811.0 |
| 008 - FIXED-LENGTH DATA ELEMENTS--GENERAL INFORMATION | |
| fixed length control field | 260316b |||||||| |||| 00| 0 eng d |
| 020 ## - INTERNATIONAL STANDARD BOOK NUMBER | |
| International Standard Book Number | 9788126570966 |
| 040 ## - CATALOGING SOURCE | |
| Transcribing agency | AL |
| 041 ## - LANGUAGE CODE | |
| Language code of text/sound track or separate title | eng |
| 082 ## - DEWEY DECIMAL CLASSIFICATION NUMBER | |
| Classification number | 004.36 |
| Item number | SAUC |
| 100 ## - MAIN ENTRY--PERSONAL NAME | |
| Personal name | Saurabh Kumar |
| 100 ## - MAIN ENTRY--PERSONAL NAME | |
| 9 (RLIN) | 258789 |
| 245 ## - TITLE STATEMENT | |
| Title | Cloud computing Ed 4 |
| 250 ## - EDITION STATEMENT | |
| Edition statement | 4 |
| 260 ## - PUBLICATION, DISTRIBUTION, ETC. | |
| Place of publication, distribution, etc. | New Delhi |
| Name of publisher, distributor, etc. | Wiley India Pvt Ltd |
| Date of publication, distribution, etc. | 2023 |
| 300 ## - PHYSICAL DESCRIPTION | |
| Extent | xxvii,267p |
| Other physical details | PB |
| Dimensions | 23.5x18cm |
| 365 ## - TRADE PRICE | |
| Source of price type code | Information Science and Engineering |
| Price type code | VBI-2645 |
| Price amount | ₹659.25 |
| Currency code | ₹ |
| Unit of pricing | 879.00 |
| Price note | 25% |
| Price effective from | 20-02-2026 |
| 520 ## - SUMMARY, ETC. | |
| Summary, etc. | The widespread acceptance and deployment of cloud computing describes the means of delivering any and all IT– from computer applications, software, business processes, messaging, and collaboration – to end-users as a service wherever and whenever they need it. This book fulfills an important and growing need to understand the techno-socio-economic view of cloud computing infrastructure, cloud models, service offerings, cloud architectures, and some of the design choices made by the frontiers of cloud computing.<br/> |
| 650 ## - SUBJECT ADDED ENTRY--TOPICAL TERM | |
| Topical term or geographic name entry element | Cloud Deployment Models |
| 9 (RLIN) | 258786 |
| 650 ## - SUBJECT ADDED ENTRY--TOPICAL TERM | |
| Topical term or geographic name entry element | SOA |
| 9 (RLIN) | 258787 |
| 650 ## - SUBJECT ADDED ENTRY--TOPICAL TERM | |
| Topical term or geographic name entry element | VDI |
| 9 (RLIN) | 258788 |
| 942 ## - ADDED ENTRY ELEMENTS (KOHA) | |
| Source of classification or shelving scheme | Dewey Decimal Classification |
| Koha item type | Book |
| Withdrawn status | Lost status | Source of classification or shelving scheme | Damaged status | Not for loan | Collection code | Home library | Current library | Date acquired | Source of acquisition | Cost, normal purchase price | Total Checkouts | Full call number | Barcode | Date last seen | Cost, replacement price | Price effective from | Koha item type |
|---|---|---|---|---|---|---|---|---|---|---|---|---|---|---|---|---|---|
| Dewey Decimal Classification | Information Science and Engineering | St Aloysius Engineering Library | St Aloysius Engineering Library | 02/20/2026 | Vidyathri Books, Bengaluru-560076 | 659.25 | 004.36 SAUC | SE000318 | 03/16/2026 | 879.00 | 02/20/2026 | Book |